000 00717cam a22002413a 4500
001 12952
003 PGUSA
005 20140828083259.0
008 040719s2004||||xxu|||||s|||||000 1 eng d
040 _aPGUSA
_beng
042 _adc
050 4 _aPZ
100 1 _aStratemeyer, Edward,
_d1862-1930
245 1 0 _aFour Boy Hunters :
_bOr, The Outing of the Gun Club
_h[electronic resource] /
_cEdward Stratemeyer
260 _bProject Gutenberg,
_c2004
506 _aPublic domain in the USA.
516 _aElectronic text
653 _aCamping -- Juvenile fiction
653 _aHunting -- Juvenile fiction
830 0 _aProject Gutenberg
_v12952
856 4 0 _uhttp://www.gutenberg.org/ebooks/12952
942 _cEB
999 _c242207
_d242207